| 000 | 00468nam a22001937a 4500 | ||
|---|---|---|---|
| 003 | MPLRDC | ||
| 005 | 20220104123931.0 | ||
| 008 | 210129b ||||| |||| 00| 0 eng d | ||
| 020 | _a957-9344-48-5 | ||
| 082 | _a192.1 PDXL v.10 | ||
| 100 | _a李振昌主编 | ||
| 245 |
_a生活中的笑道 _c |
||
| 250 | _a三印 | ||
| 260 |
_a _b中国生产力中心 _c1992 |
||
| 300 | _b平 | ||
| 490 | _a跑道系列. 10 | ||
| 650 | _a修身 | ||
| 942 |
_cBK _o192.1 PDXL v.10 |
||
| 999 |
_c15341 _d15331 |
||